Statistics for All 50k+ Cities in Finland with a Map

Click here to take the quiz!

General Stats

  • This quiz has been taken 2,903 times
  • The average score is 15 of 21

Answers on the Map

Answers color-coded by a green-red scale on the quiz's map according to % correct below.
 

Answer Stats

PopulationCity% Correct
653,835Helsinki
99%
205,489Oulu
94%
238,140Tampere
94%
192,962Turku
94%
289,731Espoo
90%
63,042Rovaniemi
84%
233,775Vantaa
83%
142,400Jyväskylä
77%
67,636Vaasa
76%
119,823Lahti
73%
119,282Kuopio
71%
83,934Pori
71%
76,850Joensuu
66%
72,634Lappeenranta
64%
52,126Kotka
63%
82,113Kouvola
60%
67,633Hämeenlinna
59%
50,380Porvoo
59%
63,781Seinäjoki
56%
53,134Mikkeli
55%
51,833Salo
50%

Score Distribution

Percentile by Number Answered

Percent of People with Each Score

Your Score History

You have not taken this quiz